000 02633cam a22003373a 4500
999 _c537
_d537
001 12940961
003 OSt
005 20190902170031.0
008 020920s2003 maua bs 001 0 eng
010 _a 2002015537
020 _a0865428719
035 _a(DNLM)101155046
040 _aDNLM/DLC
_cDLC
_dDLC
042 _apcc
050 0 0 _aR853.S7
_bK497 2003
060 1 0 _aWA 950
_bK59e 2003
082 0 0 _aW 16 K638e 2003
_221
100 1 _aKirkwood, Betty R.;Sterne, Jonathan A. C
_91387
245 1 0 _aEssential Medical Statistics
250 _a2nd ed.
260 _aMalden, Mass. :
_bBlackwell Science,
_c2003.
300 _ax, 501 p. :
_bill. ;
_c25 cm.
500 _aRev. ed. of: Essentials of medical statistics / Betty R. Kirkwood. 1988.
504 _aIncludes bibliographical references (p. [487]-492) and index.
505 0 _aUsing this book -- Defining the data -- Displaying the data -- Means, standard deviations and standard errors -- The normal distribution -- Confidence interval for a mean -- Comparison of two means: confidence intervals, hypothesis tests and P-values -- Using P-values and confidence intervals to interpret the results of statistical analyses -- Comparison of means from several groups: analysis of variance -- Linear regression and correlation -- Multiple regression -- Goodness of fit and regression diagnostics -- Transformations -- Probability, risks and odds (of disease) -- Proportions and the binomial distribution -- Comparing two proportions -- Chi-squared tests for 2 x 2 and larger contingency tables -- Controlling for confounding: stratification -- Logistic regression: comparing two or more exposure groups -- Logistic regression: controlling for confounding and other extensions -- Matched studies -- Longitudinal studies, rates and the Poisson distribution -- Comparing rates -- Poisson regression -- Standardization -- Survival analysis: displaying and comparing survival patterns -- Regressional analysis of survival data -- Likelihood -- Regression modelling -- Relaxing model assumptions -- Analysis of clustered data -- Systematic reviews and meta-analysis -- Bayesian statistics -- Linking analysis to study design: summary of methods -- Calculation of required sample size -- Measurement error: assessment and implications -- Measures of association and impact -- Strategies for analysis -- Appendix: statistical tables.
650 0 _aMedical statistics
_91388
650 0 _aEpidemiology
_91389
906 _a7
_bcbc
_corignew
_d1
_eecip
_f20
_gy-gencatlg
942 _2z
_cSLOAN